000 00242nam a2200097Ia 4500
008 191206s9999 xx 000 0 und d
020 _a9.78812E+12
090 _aHG4026.H66933
245 0 _aFundamentals of financial management.
260 _cc2009
999 _c16024
_d16024